00875cam a22002655a 450000100090000000300040000900500170001300800410003001000170007102000150008802000280010304000180013104200080014905000260015710000240018324500930020726000350030026300090033530000200034452100070036452600080037165000330037985600910041285601060050314298378OSt20140310184445.0060314s2006 nyu 000 0 eng  a 2006923848 a0439376130 a0439376149 (alk. paper) aDLCcDLCdDLC apcc aPZ 7b .P6314Pre 20061 aPilkey, Dav,d1966-10aCaptain Underpants and the preposterous plight of the purple potty people /cDav Pilkey. aNew York :bScholastic,c2006. a0609 a172 cm.bill. ; aG6 c850 aFictionxJuvenile literature423Publisher descriptionuhttp://www.loc.gov/catdir/enhancements/fy1116/2006923848-d.html423Contributor biographical informationuhttp://www.loc.gov/catdir/enhancements/fy1207/2006923848-b.html